000 00627nam a2200241Ia 4500
003 OSt
005 20220912145048.0
006 a|||||r|||| 00| 0
007 ta
008 220909b |||||||| |||| 00| 0 eng d
024 _a71131
037 _cTextual
040 _aCSL
_beng
_cCSL
041 _aeng
082 _aG0bB7:3, L0.1
100 _aRosen Robert
245 0 _aDynamical system theory in biology
260 _aNew York
_bWiley-Interscience
_c1970
300 _axi,320p.
_ccm.
650 _aBiostatistics
942 _hG0bB7:3, L0.1
_cTEXL
_2CC
999 _c22179
_d22179